| 000 | 00382pab a2200157 454500 | ||
|---|---|---|---|
| 008 | 180718b1999 xxu||||| |||| 00| 0 eng d | ||
| 100 | _aHjorth, Daniel | ||
| 245 | _aHLPE: on HRM and entrepreneurship | ||
| 260 | _c1999 | ||
| 300 | _ap.307-24 | ||
| 362 | _aMay | ||
| 650 | _aEntrepreneurship | ||
| 650 | _aHuman resources development | ||
| 773 | _aOrganization | ||
| 909 | _a41670 | ||
| 999 |
_c41670 _d41670 |
||